000 01453nam a2200193 a 4500
001 ASIN0023613327
005 20140604035907.0
008 140604s1995 xxu eng d
020 _a0023613327 (hardcover)
_c$78.80
020 _a9780023613326 (hardcover)
100 1 _aJones, J.B.
245 1 0 _aEngineering thermodynamics /
_cJ.B. Jones, R.E. Dugan.
250 _a1st ed.
260 _a[S.l.] :
_bPrentice Hall,
_c1995.
300 _a800 p. ;
_c24 cm.
520 _aCovering material rigorously, this text remains readable, and readily accessible through consistently lucid exposition, a logical organization, and strong pedagogical support. Covers classical thermodynamics including the first law, second law and physical property relationships with outstanding illustrative engineering applications. Balancing coverage of theory with applications, the text presents a thorough, concise and accurate discussion of thermodynamic principles as well as a realistic engineering approach to problem solving that encompasses modeling and other real world aspects of the field. Extremely current throughout, computer skills (modeling and problem solving) are emphasized and developed through exercises and through software included with the text. For careers in Aerospace, Civil, Electrical, Industrial and other Engineering fields.
700 1 _aDugan, R.E.
856 4 0 _3Amazon.com
_uhttp://www.amazon.com/exec/obidos/ASIN/0023613327/chopaconline-20
999 _c5107
_d5107